[Event "French Blitz Championship"]
[Site "portmarly2022.ffechecs.org"]
[Date "2022.05.28"]
[Round "2"]
[White "David, Alberto"]
[Black "Louvrier Saint-Mary, Jean-Roger"]
[Result "1-0"]
[Board "4"]
[WhiteElo "2548"]
[WhiteTitle "GM"]
[WhiteCountry "ITA"]
[WhiteFideId "4000013"]
[WhiteEloChange "1"]
[BlackElo "1871"]
[BlackCountry "FRA"]
[BlackFideId "618349"]
[BlackEloChange "-2"]

1. e4 {[%clk 0:05:04]} c5 {[%clk 0:05:06]} 2. Nf3 {[%clk 0:05:04]} e6 {[%clk
0:05:06]} 3. d3 {[%clk 0:05:07]} Nc6 {[%clk 0:05:09]} 4. g3 {[%clk 0:05:08]} Be7
{[%clk 0:05:01]} 5. Bg2 {[%clk 0:05:09]} h5 {[%clk 0:05:03]} 6. h3 {[%clk
0:04:58]} Nf6 {[%clk 0:05:04]} 7. O-O {[%clk 0:04:52]} d6 {[%clk 0:05:05]} 8. c3
{[%clk 0:04:52]} Ne5 {[%clk 0:04:53]} 9. d4 {[%clk 0:04:47]} Nxf3+ {[%clk
0:04:37]} 10. Qxf3 {[%clk 0:04:48]} Qc7 {[%clk 0:04:07]} 11. Na3 {[%clk 0:04:34]}
Bd7 {[%clk 0:04:00]} 12. Re1 {[%clk 0:04:28]} Bc6 {[%clk 0:03:22]} 13. dxc5
{[%clk 0:04:06]} dxc5 {[%clk 0:03:14]} 14. Nc4 {[%clk 0:04:03]} O-O-O {[%clk
0:02:48]} 15. Bf4 {[%clk 0:04:03]} Qd7 {[%clk 0:02:15]} 16. Rad1 {[%clk 0:03:06]}
Qe8 {[%clk 0:01:39]} 17. Qe3 {[%clk 0:02:53]} b6 {[%clk 0:01:33]} 18. b4 {[%clk
0:02:47]} cxb4 {[%clk 0:01:10]} 19. Nxb6+ {[%clk 0:02:41]} Kb7 {[%clk 0:01:08]}
20. Nc4 {[%clk 0:02:40]} Rxd1 {[%clk 0:00:29]} 21. Rxd1 {[%clk 0:02:39]} Qc8
{[%clk 0:00:28]} 22. cxb4 {[%clk 0:02:35]} Rd8 {[%clk 0:00:22]} 23. Na5+ {[%clk
0:02:35]} Ka8 {[%clk 0:00:18]} 24. Rc1 {[%clk 0:02:36]} 1-0

[Event "French Blitz Championship"]
[Site "portmarly2022.ffechecs.org"]
[Date "2022.05.28"]
[Round "3"]
[White "Bellahcene, Bilel"]
[Black "Ribiere, Damien"]
[Result "1-0"]
[Board "3"]
[WhiteElo "2562"]
[WhiteTitle "GM"]
[WhiteCountry "ALG"]
[WhiteFideId "696358"]
[WhiteEloChange "1"]
[BlackElo "2057"]
[BlackCountry "FRA"]
[BlackFideId "26041634"]
[BlackEloChange "-2"]

1. e4 {[%clk 0:05:06]} e5 {[%clk 0:05:01]} 2. Nf3 {[%clk 0:05:08]} Nc6 {[%clk
0:05:04]} 3. Bb5 {[%clk 0:05:10]} a6 {[%clk 0:05:06]} 4. Ba4 {[%clk 0:05:13]} Bc5
{[%clk 0:05:08]} 5. Nc3 {[%clk 0:05:13]} Nge7 {[%clk 0:05:05]} 6. O-O {[%clk
0:05:08]} Ba7 {[%clk 0:05:06]} 7. d3 {[%clk 0:05:01]} h6 {[%clk 0:04:55]} 8. Be3
{[%clk 0:05:02]} O-O {[%clk 0:04:44]} 9. Bb3 {[%clk 0:04:56]} d6 {[%clk 0:04:41]}
10. a3 {[%clk 0:04:59]} Be6 {[%clk 0:04:26]} 11. Nd5 {[%clk 0:04:46]} Bxd5 {[%clk
0:04:07]} 12. exd5 {[%clk 0:04:47]} Nd4 {[%clk 0:03:57]} 13. Nxd4 {[%clk
0:04:44]} exd4 {[%clk 0:03:59]} 14. Bd2 {[%clk 0:04:45]} Ng6 {[%clk 0:03:38]} 15.
f4 {[%clk 0:04:41]} Qf6 {[%clk 0:03:31]} 16. Qh5 {[%clk 0:04:16]} Rae8 {[%clk
0:03:02]} 17. Rf2 {[%clk 0:03:51]} Re7 {[%clk 0:01:48]} 18. Raf1 {[%clk 0:03:38]}
Rfe8 {[%clk 0:01:46]} 19. g3 {[%clk 0:03:34]} Re3 {[%clk 0:01:35]} 20. Qg4 {[%clk
0:03:22]} Ne7 {[%clk 0:01:21]} 21. Bxe3 {[%clk 0:03:10]} dxe3 {[%clk 0:01:22]}
22. Re2 {[%clk 0:03:13]} Nf5 {[%clk 0:00:52]} 23. c3 {[%clk 0:03:13]} c6 {[%clk
0:00:52]} 24. Qf3 {[%clk 0:03:06]} Ne7 {[%clk 0:00:28]} 25. Kh1 {[%clk 0:03:06]}
cxd5 {[%clk 0:00:25]} 26. Bxd5 {[%clk 0:03:07]} Nxd5 {[%clk 0:00:24]} 27. Qxd5
{[%clk 0:03:08]} Qe7 {[%clk 0:00:23]} 28. f5 {[%clk 0:03:04]} Qf6 {[%clk
0:00:17]} 29. Qxb7 {[%clk 0:03:02]} Re7 {[%clk 0:00:16]} 30. Qf3 {[%clk 0:03:00]}
Kh7 {[%clk 0:00:15]} 31. d4 {[%clk 0:03:02]} Qg5 {[%clk 0:00:15]} 32. f6 {[%clk
0:03:04]} gxf6 {[%clk 0:00:11]} 33. Qf5+ {[%clk 0:03:06]} Kg7 {[%clk 0:00:10]}
34. Rf3 {[%clk 0:03:07]} Qg6 {[%clk 0:00:09]} 35. Qxg6+ {[%clk 0:03:08]} fxg6
{[%clk 0:00:11]} 36. Rfxe3 {[%clk 0:03:10]} 1-0

[Event "French Blitz Championship"]
[Site "portmarly2022.ffechecs.org"]
[Date "2022.05.28"]
[Round "4"]
[White "Bellahcene, Bilel"]
[Black "Daeschler, Florian"]
[Result "0-1"]
[Board "2"]
[WhiteElo "2562"]
[WhiteTitle "GM"]
[WhiteCountry "ALG"]
[WhiteFideId "696358"]
[WhiteEloChange "-9"]
[BlackElo "2195"]
[BlackTitle "FM"]
[BlackCountry "FRA"]
[BlackFideId "20678193"]
[BlackEloChange "18"]

1. d4 {[%clk 0:05:05]} Nf6 {[%clk 0:05:03]} 2. c4 {[%clk 0:05:07]} e6 {[%clk
0:05:06]} 3. g3 {[%clk 0:05:09]} Bb4+ {[%clk 0:05:00]} 4. Nd2 {[%clk 0:05:11]}
O-O {[%clk 0:04:56]} 5. Bg2 {[%clk 0:05:13]} d5 {[%clk 0:04:59]} 6. Nf3 {[%clk
0:05:14]} dxc4 {[%clk 0:05:00]} 7. a3 {[%clk 0:05:16]} Bxd2+ {[%clk 0:04:58]} 8.
Bxd2 {[%clk 0:05:16]} Nc6 {[%clk 0:04:33]} 9. e3 {[%clk 0:05:18]} Rb8 {[%clk
0:04:30]} 10. O-O {[%clk 0:05:13]} b5 {[%clk 0:04:31]} 11. a4 {[%clk 0:04:44]} b4
{[%clk 0:04:27]} 12. Qe2 {[%clk 0:04:10]} Ba6 {[%clk 0:04:20]} 13. Rfd1 {[%clk
0:03:51]} Na5 {[%clk 0:03:48]} 14. Ne5 {[%clk 0:03:45]} Qd6 {[%clk 0:03:39]} 15.
Qf3 {[%clk 0:03:08]} Bb7 {[%clk 0:03:35]} 16. Qe2 {[%clk 0:03:05]} Bxg2 {[%clk
0:03:37]} 17. Kxg2 {[%clk 0:03:05]} c5 {[%clk 0:03:38]} 18. Be1 {[%clk 0:02:43]}
cxd4 {[%clk 0:03:38]} 19. exd4 {[%clk 0:02:46]} Rfc8 {[%clk 0:03:33]} 20. Rac1
{[%clk 0:02:42]} Nd7 {[%clk 0:03:29]} 21. Kg1 {[%clk 0:02:26]} Nb6 {[%clk
0:03:11]} 22. Qh5 {[%clk 0:02:09]} Rb7 {[%clk 0:02:52]} 23. Nxf7 {[%clk 0:02:06]}
Rxf7 {[%clk 0:02:52]} 24. Qxa5 {[%clk 0:02:07]} Nd5 {[%clk 0:02:41]} 25. Qb5
{[%clk 0:02:06]} a6 {[%clk 0:01:32]} 26. Qa5 {[%clk 0:01:54]} h5 {[%clk 0:01:34]}
0-1

[Event "French Blitz Championship"]
[Site "portmarly2022.ffechecs.org"]
[Date "2022.05.28"]
[Round "4"]
[White "David, Alberto"]
[Black "Borne, Niels"]
[Result "1-0"]
[Board "3"]
[WhiteElo "2548"]
[WhiteTitle "GM"]
[WhiteCountry "ITA"]
[WhiteFideId "4000013"]
[WhiteEloChange "1"]
[BlackElo "2189"]
[BlackTitle "FM"]
[BlackCountry "FRA"]
[BlackFideId "602876"]
[BlackEloChange "-2"]

1. e4 {[%clk 0:05:02]} c6 {[%clk 0:05:03]} 2. Nf3 {[%clk 0:05:01]} d5 {[%clk
0:05:01]} 3. Nc3 {[%clk 0:05:03]} dxe4 {[%clk 0:04:45]} 4. Nxe4 {[%clk 0:05:04]}
Nf6 {[%clk 0:04:45]} 5. Qe2 {[%clk 0:04:57]} Nxe4 {[%clk 0:04:35]} 6. Qxe4 {[%clk
0:04:58]} Qa5 {[%clk 0:03:59]} 7. Bc4 {[%clk 0:04:30]} Bf5 {[%clk 0:03:41]} 8.
Qe3 {[%clk 0:04:09]} e6 {[%clk 0:03:15]} 9. c3 {[%clk 0:04:10]} Be7 {[%clk
0:03:04]} 10. O-O {[%clk 0:04:08]} Nd7 {[%clk 0:03:01]} 11. d4 {[%clk 0:04:10]}
O-O {[%clk 0:02:57]} 12. Qe2 {[%clk 0:04:11]} Nb6 {[%clk 0:02:53]} 13. Bb3 {[%clk
0:04:12]} Bg4 {[%clk 0:02:41]} 14. h3 {[%clk 0:04:14]} Bh5 {[%clk 0:02:42]} 15.
g4 {[%clk 0:04:11]} Bg6 {[%clk 0:02:44]} 16. Ne5 {[%clk 0:04:13]} Bd6 {[%clk
0:01:32]} 17. f4 {[%clk 0:04:11]} Bxe5 {[%clk 0:01:34]} 18. dxe5 {[%clk 0:04:13]}
Rae8 {[%clk 0:00:50]} 19. Kh2 {[%clk 0:03:43]} f6 {[%clk 0:00:22]} 20. exf6
{[%clk 0:03:34]} Rxf6 {[%clk 0:00:23]} 21. f5 {[%clk 0:03:36]} Bf7 {[%clk
0:00:23]} 22. Bg5 {[%clk 0:03:36]} 1-0

[Event "French Blitz Championship"]
[Site "portmarly2022.ffechecs.org"]
[Date "2022.05.28"]
[Round "4"]
[White "Guliyev, Namig"]
[Black "Bilquez, Romain"]
[Result "1/2-1/2"]
[Board "5"]
[WhiteElo "2487"]
[WhiteTitle "GM"]
[WhiteCountry "AZE"]
[WhiteFideId "13400363"]
[WhiteEloChange "-4"]
[BlackElo "2163"]
[BlackCountry "FRA"]
[BlackFideId "640379"]
[BlackEloChange "7"]

1. e4 {[%clk 0:05:03]} e6 {[%clk 0:05:05]} 2. d4 {[%clk 0:05:05]} d5 {[%clk
0:05:04]} 3. Nc3 {[%clk 0:05:06]} Nf6 {[%clk 0:05:05]} 4. e5 {[%clk 0:05:08]}
Nfd7 {[%clk 0:05:07]} 5. Nce2 {[%clk 0:05:08]} c5 {[%clk 0:05:09]} 6. c3 {[%clk
0:05:10]} cxd4 {[%clk 0:05:10]} 7. cxd4 {[%clk 0:05:11]} f6 {[%clk 0:05:12]} 8.
exf6 {[%clk 0:05:10]} Nxf6 {[%clk 0:05:13]} 9. Nf3 {[%clk 0:05:11]} Bd6 {[%clk
0:05:13]} 10. Ng3 {[%clk 0:05:12]} Nc6 {[%clk 0:05:10]} 11. Bd3 {[%clk 0:05:12]}
O-O {[%clk 0:04:10]} 12. O-O {[%clk 0:05:12]} e5 {[%clk 0:03:54]} 13. dxe5 {[%clk
0:05:11]} Nxe5 {[%clk 0:03:55]} 14. Nxe5 {[%clk 0:04:54]} Bxe5 {[%clk 0:03:56]}
15. h3 {[%clk 0:04:01]} Qd6 {[%clk 0:01:56]} 16. Nf5 {[%clk 0:03:48]} Bxf5 {[%clk
0:01:23]} 17. Bxf5 {[%clk 0:03:49]} Ne4 {[%clk 0:01:23]} 18. Bxe4 {[%clk
0:03:40]} dxe4 {[%clk 0:01:24]} 19. Qxd6 {[%clk 0:03:41]} Bxd6 {[%clk 0:01:26]}
20. Be3 {[%clk 0:03:42]} Be5 {[%clk 0:01:26]} 21. Rad1 {[%clk 0:03:32]} Rfd8
{[%clk 0:01:27]} 22. b3 {[%clk 0:03:32]} Kf7 {[%clk 0:01:24]} 23. Rxd8 {[%clk
0:02:37]} Rxd8 {[%clk 0:01:24]} 24. Rc1 {[%clk 0:02:36]} Ke6 {[%clk 0:01:08]} 25.
Kf1 {[%clk 0:02:34]} a6 {[%clk 0:01:05]} 26. Rc4 {[%clk 0:02:31]} Kd5 {[%clk
0:01:03]} 27. Ke2 {[%clk 0:02:29]} Rd7 {[%clk 0:01:03]} 28. h4 {[%clk 0:02:24]}
Rc7 {[%clk 0:01:01]} 29. Rxc7 {[%clk 0:02:20]} Bxc7 {[%clk 0:01:03]} 30. h5
{[%clk 0:02:21]} g6 {[%clk 0:01:00]} 31. hxg6 {[%clk 0:02:13]} hxg6 {[%clk
0:01:02]} 32. g3 {[%clk 0:02:08]} Be5 {[%clk 0:00:58]} 33. Bc1 {[%clk 0:01:40]}
b5 {[%clk 0:00:53]} 34. Bd2 {[%clk 0:01:16]} Kd4 {[%clk 0:00:38]} 35. Ba5 {[%clk
0:01:18]} Kd5 {[%clk 0:00:38]} 36. Ke3 {[%clk 0:00:58]} Bd4+ {[%clk 0:00:37]} 37.
Ke2 {[%clk 0:01:00]} Be5 {[%clk 0:00:39]} 38. Bb6 {[%clk 0:01:01]} Bb2 {[%clk
0:00:36]} 39. f4 {[%clk 0:00:52]} exf3+ {[%clk 0:00:32]} 40. Kxf3 {[%clk
0:00:54]} Ke5 {[%clk 0:00:34]} 41. Kg4 {[%clk 0:00:54]} Kf6 {[%clk 0:00:36]} 42.
Bd8+ {[%clk 0:00:53]} Kf7 {[%clk 0:00:38]} 43. Kf4 {[%clk 0:00:50]} Ke6 {[%clk
0:00:40]} 44. Ke4 {[%clk 0:00:50]} Be5 {[%clk 0:00:39]} 45. g4 {[%clk 0:00:51]}
Bg7 {[%clk 0:00:40]} 46. Bb6 {[%clk 0:00:49]} Be5 {[%clk 0:00:41]} 47. Bc5 {[%clk
0:00:48]} Bf6 {[%clk 0:00:42]} 48. a4 {[%clk 0:00:45]} bxa4 {[%clk 0:00:42]} 49.
bxa4 {[%clk 0:00:47]} Bd8 {[%clk 0:00:41]} 50. Be3 {[%clk 0:00:44]} Bf6 {[%clk
0:00:42]} 51. Bf4 {[%clk 0:00:44]} Bg7 {[%clk 0:00:42]} 52. Be3 {[%clk 0:00:44]}
Bf6 {[%clk 0:00:44]} 53. Bd4 {[%clk 0:00:46]} Be7 {[%clk 0:00:46]} 54. Be5 {[%clk
0:00:46]} Bc5 {[%clk 0:00:47]} 55. Bg3 {[%clk 0:00:43]} Bb6 {[%clk 0:00:49]} 56.
Bf4 {[%clk 0:00:45]} Bc5 {[%clk 0:00:51]} 57. Be5 {[%clk 0:00:46]} Bb6 {[%clk
0:00:51]} 58. Bc3 {[%clk 0:00:41]} Bc5 {[%clk 0:00:52]} 59. Bd4 {[%clk 0:00:32]}
Bd6 {[%clk 0:00:51]} 60. Bb6 {[%clk 0:00:34]} Be5 {[%clk 0:00:53]} 61. Bd8 {[%clk
0:00:35]} Bg7 {[%clk 0:00:54]} 62. Kf4 {[%clk 0:00:33]} Bc3 {[%clk 0:00:53]} 63.
Kg5 {[%clk 0:00:33]} Kf7 {[%clk 0:00:55]} 64. Kf4 {[%clk 0:00:28]} Ke6 {[%clk
0:00:57]} 65. Ke4 {[%clk 0:00:28]} Bg7 {[%clk 0:00:58]} 66. Bb6 {[%clk 0:00:25]}
Bf6 {[%clk 0:00:58]} 67. Be3 {[%clk 0:00:23]} Bg7 {[%clk 0:00:59]} 68. Bd4 {[%clk
0:00:21]} Bf8 {[%clk 0:01:00]} 69. a5 {[%clk 0:00:19]} Bb4 {[%clk 0:00:49]} 70.
Bb6 {[%clk 0:00:21]} Bc3 {[%clk 0:00:50]} 71. Bc7 {[%clk 0:00:21]} Kd7 {[%clk
0:00:48]} 72. Bb6 {[%clk 0:00:23]} Ke6 {[%clk 0:00:50]} 73. Kf4 {[%clk 0:00:23]}
Bd2+ {[%clk 0:00:51]} 74. Ke4 {[%clk 0:00:24]} Bc3 {[%clk 0:00:52]} 1/2-1/2

[Event "French Blitz Championship"]
[Site "portmarly2022.ffechecs.org"]
[Date "2022.05.28"]
[Round "4"]
[White "Rakotomaharo, Fy Antenaina"]
[Black "Samoun, Florent"]
[Result "0-1"]
[Board "7"]
[WhiteElo "2473"]
[WhiteTitle "IM"]
[WhiteCountry "MAD"]
[WhiteFideId "13100050"]
[WhiteEloChange "-9"]
[BlackElo "2142"]
[BlackTitle "FM"]
[BlackCountry "FRA"]
[BlackFideId "664995"]
[BlackEloChange "17"]

1. e4 {[%clk 0:05:03]} e5 {[%clk 0:05:04]} 2. Nf3 {[%clk 0:05:05]} f5 {[%clk
0:05:05]} 3. Nc3 {[%clk 0:04:21]} fxe4 {[%clk 0:04:21]} 4. Nxe5 {[%clk 0:04:22]}
Nf6 {[%clk 0:04:13]} 5. d4 {[%clk 0:04:21]} d6 {[%clk 0:04:05]} 6. Nc4 {[%clk
0:04:22]} d5 {[%clk 0:04:04]} 7. Ne5 {[%clk 0:04:24]} c6 {[%clk 0:04:02]} 8. Bg5
{[%clk 0:04:24]} Bd6 {[%clk 0:03:59]} 9. f3 {[%clk 0:04:17]} exf3 {[%clk
0:03:18]} 10. Qxf3 {[%clk 0:04:16]} O-O {[%clk 0:03:09]} 11. O-O-O {[%clk
0:03:27]} Nbd7 {[%clk 0:02:33]} 12. Re1 {[%clk 0:03:18]} Qc7 {[%clk 0:02:29]} 13.
Bxf6 {[%clk 0:01:57]} Nxf6 {[%clk 0:02:17]} 14. Bd3 {[%clk 0:01:45]} Bd7 {[%clk
0:01:28]} 15. Qg3 {[%clk 0:01:27]} Rae8 {[%clk 0:01:24]} 16. Rhf1 {[%clk
0:01:21]} b5 {[%clk 0:01:03]} 17. Qh4 {[%clk 0:00:40]} Bxe5 {[%clk 0:00:44]} 18.
Rxf6 {[%clk 0:00:39]} Bf4+ {[%clk 0:00:24]} 19. Kd1 {[%clk 0:00:18]} Rxe1+ {[%clk
0:00:24]} 20. Kxe1 {[%clk 0:00:20]} Rxf6 {[%clk 0:00:18]} 21. Qxh7+ {[%clk
0:00:22]} Kf7 {[%clk 0:00:18]} 22. Qh5+ {[%clk 0:00:19]} Ke7 {[%clk 0:00:13]} 23.
Bxb5 {[%clk 0:00:19]} Qd6 {[%clk 0:00:08]} 24. Be2 {[%clk 0:00:15]} Qe6 {[%clk
0:00:08]} 25. Qh8 {[%clk 0:00:11]} Rf7 {[%clk 0:00:07]} 26. Qh4+ {[%clk 0:00:12]}
g5 {[%clk 0:00:07]} 27. Qh8 {[%clk 0:00:09]} Qe3 {[%clk 0:00:07]} 28. Nd1 {[%clk
0:00:04]} Qd2+ {[%clk 0:00:08]} 29. Kf1 {[%clk 0:00:04]} Bg3+ {[%clk 0:00:10]}
0-1

[Event "French Blitz Championship"]
[Site "portmarly2022.ffechecs.org"]
[Date "2022.05.28"]
[Round "4"]
[White "Rodriguez, Adrien"]
[Black "Chabanon, Jean-Luc"]
[Result "0-1"]
[Board "8"]
[WhiteElo "2153"]
[WhiteTitle "FM"]
[WhiteCountry "FRA"]
[WhiteFideId "20691866"]
[WhiteEloChange "-3"]
[BlackElo "2431"]
[BlackTitle "GM"]
[BlackCountry "FRA"]
[BlackFideId "600075"]
[BlackEloChange "2"]

1. d4 {[%clk 0:05:04]} d5 {[%clk 0:05:04]} 2. c4 {[%clk 0:05:04]} c6 {[%clk
0:05:04]} 3. Nf3 {[%clk 0:05:06]} Nf6 {[%clk 0:05:08]} 4. cxd5 {[%clk 0:05:08]}
cxd5 {[%clk 0:05:10]} 5. Nc3 {[%clk 0:05:10]} Nc6 {[%clk 0:05:09]} 6. Bf4 {[%clk
0:05:12]} a6 {[%clk 0:05:06]} 7. Rc1 {[%clk 0:05:14]} Bf5 {[%clk 0:05:06]} 8. e3
{[%clk 0:05:16]} e6 {[%clk 0:04:55]} 9. Bd3 {[%clk 0:05:17]} Bxd3 {[%clk
0:04:55]} 10. Qxd3 {[%clk 0:05:19]} Be7 {[%clk 0:04:06]} 11. h3 {[%clk 0:05:06]}
O-O {[%clk 0:04:06]} 12. O-O {[%clk 0:05:07]} Rc8 {[%clk 0:03:52]} 13. Ne5 {[%clk
0:04:25]} Nxe5 {[%clk 0:03:43]} 14. Bxe5 {[%clk 0:04:27]} Nd7 {[%clk 0:03:35]}
15. Bg3 {[%clk 0:04:23]} Nb6 {[%clk 0:03:28]} 16. Rc2 {[%clk 0:04:19]} Qd7 {[%clk
0:03:17]} 17. Rfc1 {[%clk 0:04:19]} Rc6 {[%clk 0:03:15]} 18. Nb1 {[%clk 0:04:03]}
Rfc8 {[%clk 0:03:14]} 19. Nd2 {[%clk 0:03:51]} Rxc2 {[%clk 0:02:31]} 20. Rxc2
{[%clk 0:03:53]} Rxc2 {[%clk 0:02:32]} 21. Qxc2 {[%clk 0:03:54]} f6 {[%clk
0:02:16]} 22. b3 {[%clk 0:03:00]} Nc8 {[%clk 0:02:10]} 23. Qc7 {[%clk 0:02:35]}
Qxc7 {[%clk 0:02:07]} 24. Bxc7 {[%clk 0:02:37]} Na7 {[%clk 0:02:06]} 25. a4
{[%clk 0:01:50]} Nc6 {[%clk 0:02:04]} 26. Kf1 {[%clk 0:01:44]} Bb4 {[%clk
0:01:56]} 27. Nf3 {[%clk 0:01:02]} Kf7 {[%clk 0:01:51]} 28. Ke2 {[%clk 0:00:58]}
Ke7 {[%clk 0:01:04]} 29. Kd3 {[%clk 0:01:00]} Kd7 {[%clk 0:01:01]} 30. Bg3 {[%clk
0:00:52]} g5 {[%clk 0:00:57]} 31. Ng1 {[%clk 0:00:40]} h5 {[%clk 0:00:55]} 32. f3
{[%clk 0:00:36]} Ba5 {[%clk 0:00:28]} 33. Ne2 {[%clk 0:00:15]} h4 {[%clk
0:00:16]} 34. Bf2 {[%clk 0:00:13]} Ne7 {[%clk 0:00:09]} 35. Nc1 {[%clk 0:00:08]}
Kc6 {[%clk 0:00:09]} 0-1

[Event "French Blitz Championship"]
[Site "portmarly2022.ffechecs.org"]
[Date "2022.05.28"]
[Round "5"]
[White "Fantinel, Thibault"]
[Black "Lagarde, Maxime"]
[Result "0-1"]
[Board "1"]
[WhiteElo "2349"]
[WhiteTitle "IM"]
[WhiteCountry "FRA"]
[WhiteFideId "663395"]
[WhiteEloChange "-3"]
[BlackElo "2622"]
[BlackTitle "GM"]
[BlackCountry "FRA"]
[BlackFideId "662399"]
[BlackEloChange "2"]

1. c4 {[%clk 0:05:04]} f5 {[%clk 0:04:57]} 2. g3 {[%clk 0:05:01]} Nf6 {[%clk
0:04:59]} 3. Bg2 {[%clk 0:05:02]} g6 {[%clk 0:05:01]} 4. Nc3 {[%clk 0:04:34]} Bg7
{[%clk 0:05:03]} 5. d3 {[%clk 0:04:42]} d6 {[%clk 0:05:02]} 6. Rb1 {[%clk
0:04:42]} c5 {[%clk 0:05:00]} 7. a3 {[%clk 0:04:28]} a5 {[%clk 0:04:45]} 8. Nh3
{[%clk 0:03:37]} Nc6 {[%clk 0:04:37]} 9. O-O {[%clk 0:03:20]} e5 {[%clk 0:04:33]}
10. f4 {[%clk 0:02:54]} O-O {[%clk 0:04:29]} 11. Bd2 {[%clk 0:02:54]} h6 {[%clk
0:04:11]} 12. Nd5 {[%clk 0:02:42]} Nxd5 {[%clk 0:04:09]} 13. Bxd5+ {[%clk
0:02:32]} Kh7 {[%clk 0:04:09]} 14. Nf2 {[%clk 0:02:01]} exf4 {[%clk 0:03:55]} 15.
gxf4 {[%clk 0:01:43]} Ne7 {[%clk 0:03:32]} 16. Bg2 {[%clk 0:01:42]} d5 {[%clk
0:03:32]} 17. b4 {[%clk 0:00:54]} cxb4 {[%clk 0:03:32]} 18. axb4 {[%clk 0:00:56]}
a4 {[%clk 0:03:34]} 19. Qc2 {[%clk 0:00:49]} Be6 {[%clk 0:03:23]} 20. Bc3 {[%clk
0:00:47]} d4 {[%clk 0:03:12]} 21. Bd2 {[%clk 0:00:49]} b5 {[%clk 0:02:57]} 22.
Ra1 {[%clk 0:00:41]} Rc8 {[%clk 0:02:53]} 23. c5 {[%clk 0:00:24]} Nd5 {[%clk
0:02:52]} 24. Rac1 {[%clk 0:00:22]} Re8 {[%clk 0:02:46]} 25. Nd1 {[%clk 0:00:14]}
Bg8 {[%clk 0:02:42]} 26. Bf3 {[%clk 0:00:15]} Qc7 {[%clk 0:02:38]} 27. Bxd5
{[%clk 0:00:06]} Bxd5 {[%clk 0:02:40]} 28. e3 {[%clk 0:00:04]} Bb7 {[%clk
0:02:34]} 29. Re1 {[%clk 0:00:04]} dxe3 {[%clk 0:02:24]} 30. Bxe3 {[%clk
0:00:06]} Qc6 {[%clk 0:02:26]} 0-1

[Event "French Blitz Championship"]
[Site "portmarly2022.ffechecs.org"]
[Date "2022.05.28"]
[Round "5"]
[White "Bellahcene, Bilel"]
[Black "Mullon, Jean-Baptiste"]
[Result "1-0"]
[Board "2"]
[WhiteElo "2562"]
[WhiteTitle "GM"]
[WhiteCountry "ALG"]
[WhiteFideId "696358"]
[WhiteEloChange "2"]
[BlackElo "2341"]
[BlackTitle "IM"]
[BlackCountry "FRA"]
[BlackFideId "613606"]
[BlackEloChange "-4"]

1. e4 {[%clk 0:05:05]} c5 {[%clk 0:05:03]} 2. Nf3 {[%clk 0:05:06]} d6 {[%clk
0:05:03]} 3. d4 {[%clk 0:05:06]} cxd4 {[%clk 0:05:05]} 4. Nxd4 {[%clk 0:05:08]}
Nf6 {[%clk 0:05:06]} 5. Nc3 {[%clk 0:05:10]} a6 {[%clk 0:05:07]} 6. h4 {[%clk
0:04:59]} e5 {[%clk 0:04:45]} 7. Nb3 {[%clk 0:05:01]} Be6 {[%clk 0:04:43]} 8. f4
{[%clk 0:04:55]} exf4 {[%clk 0:04:23]} 9. Bxf4 {[%clk 0:04:56]} Nc6 {[%clk
0:04:25]} 10. Qd2 {[%clk 0:04:53]} Be7 {[%clk 0:04:17]} 11. O-O-O {[%clk
0:04:54]} Ne5 {[%clk 0:04:15]} 12. Nd4 {[%clk 0:04:56]} Bg4 {[%clk 0:03:41]} 13.
Be2 {[%clk 0:04:54]} Rc8 {[%clk 0:03:30]} 14. Bxg4 {[%clk 0:04:45]} Nfxg4 {[%clk
0:03:30]} 15. Nf5 {[%clk 0:04:40]} O-O {[%clk 0:01:59]} 16. Nd5 {[%clk 0:04:06]}
Bf6 {[%clk 0:01:47]} 17. Nxf6+ {[%clk 0:03:06]} Qxf6 {[%clk 0:01:38]} 1-0

[Event "French Blitz Championship"]
[Site "portmarly2022.ffechecs.org"]
[Date "2022.05.28"]
[Round "5"]
[White "Eden, James"]
[Black "David, Alberto"]
[Result "0-1"]
[Board "3"]
[WhiteElo "2221"]
[WhiteTitle "IM"]
[WhiteCountry "FRA"]
[WhiteFideId "666491"]
[WhiteEloChange "-3"]
[BlackElo "2548"]
[BlackTitle "GM"]
[BlackCountry "ITA"]
[BlackFideId "4000013"]
[BlackEloChange "1"]

1. e4 {[%clk 0:05:03]} c6 {[%clk 0:05:06]} 2. d4 {[%clk 0:05:03]} d5 {[%clk
0:05:08]} 3. Nc3 {[%clk 0:04:58]} dxe4 {[%clk 0:05:09]} 4. Nxe4 {[%clk 0:04:58]}
Nf6 {[%clk 0:05:11]} 5. Nxf6+ {[%clk 0:04:55]} exf6 {[%clk 0:05:12]} 6. c3 {[%clk
0:04:52]} Bd6 {[%clk 0:05:13]} 7. Bd3 {[%clk 0:04:51]} O-O {[%clk 0:05:14]} 8.
Qc2 {[%clk 0:04:43]} Re8+ {[%clk 0:05:16]} 9. Ne2 {[%clk 0:04:44]} h5 {[%clk
0:05:17]} 10. Be3 {[%clk 0:04:41]} Nd7 {[%clk 0:05:18]} 11. O-O-O {[%clk
0:04:40]} Nf8 {[%clk 0:05:16]} 12. c4 {[%clk 0:04:36]} Be6 {[%clk 0:05:15]} 13.
Nc3 {[%clk 0:04:26]} Bb4 {[%clk 0:04:57]} 14. Kb1 {[%clk 0:04:17]} Bxc3 {[%clk
0:04:38]} 15. Qxc3 {[%clk 0:04:15]} Rc8 {[%clk 0:04:39]} 16. Rhe1 {[%clk
0:03:57]} b5 {[%clk 0:04:35]} 17. d5 {[%clk 0:03:43]} cxd5 {[%clk 0:04:33]} 18.
c5 {[%clk 0:03:44]} Qd7 {[%clk 0:04:25]} 19. Bd4 {[%clk 0:03:27]} Bf5 {[%clk
0:04:11]} 20. Rxe8 {[%clk 0:02:50]} Bxd3+ {[%clk 0:04:09]} 21. Qxd3 {[%clk
0:02:38]} Rxe8 {[%clk 0:03:59]} 22. Bc3 {[%clk 0:02:34]} Qg4 {[%clk 0:02:47]} 23.
Qxd5 {[%clk 0:02:23]} b4 {[%clk 0:02:49]} 24. Rd4 {[%clk 0:01:52]} Qg6+ {[%clk
0:02:49]} 25. Kc1 {[%clk 0:01:21]} bxc3 {[%clk 0:02:51]} 26. bxc3 {[%clk
0:01:20]} Ne6 {[%clk 0:02:30]} 27. Ra4 {[%clk 0:01:05]} Rd8 {[%clk 0:02:28]} 28.
Qf3 {[%clk 0:00:54]} Nxc5 {[%clk 0:02:27]} 0-1